MARC

Tag First Indicator Second Indicator Subfields
LEADER 00000cam a2200000 a 4500
001 in00000011687
005 20151007051656.0
008 870520s1988 nyu b 00110 eng
010 |a  87015145  
020 |a 0029113806 
035 |a (OCoLC)16005388 
035 |9 AAA4231AM 
040 |a DLC  |c DLC  |d TXA  |d UtOrBLW 
043 |a n-us---  |a a-ja--- 
049 |a TXAM  |c [A11041090] 
050 0 0 |a HF5415.157  |b .G37 1988 
082 0 |a 658.5/62  |2 19 
100 1 |a Garvin, David A. 
245 1 0 |a Managing quality :  |b the strategic and competitive edge /  |c David A. Garvin. 
264 1 |a New York :  |b Free Press ;  |a London :  |b Collier Macmillan,  |c [1988] 
264 4 |c ©1988 
300 |a xiv, 319 pages ;  |c 25 cm. 
336 |a text  |b txt  |2 rdacontent 
337 |a unmediated  |b n  |2 rdamedia 
338 |a volume  |b nc  |2 rdacarrier 
504 |a Bibliography: pages 251-309. 
500 |a Includes index. 
650 0 |a Quality of products  |z United States  |x Management. 
650 0 |a Quality assurance  |z United States  |x Management. 
650 0 |a Quality of products  |z United States  |x Management  |x Case studies. 
650 0 |a Quality assurance  |z United States  |x Management  |x Case studies. 
650 0 |a Quality of products  |z Japan  |x Management. 
650 0 |a Quality assurance  |z Japan  |x Management. 
650 0 |a Quality of products  |z Japan  |x Management  |x Case studies. 
650 0 |a Quality assurance  |z Japan  |x Management  |x Case studies. 
999 |a MARS 
999 f f |s 9986afc9-363c-38af-acad-f1b1616cc3d8  |i 7c77cfee-969f-3882-b75c-03d138926cc8  |t 0 
952 f f |p ric  |a Texas A&M University  |b Rellis Campus  |c Joint Library Facility  |d Remote Storage  |t 0  |e HF5415.157 .G37 1988  |h Library of Congress classification  |i unmediated -- volume  |m A14820606221 
998 f f |a HF5415.157 .G37 1988  |t 0  |l Remote Storage